| 000 | 00975nam a2200253 a 4500 | ||
|---|---|---|---|
| 005 | 20140310183605.0 | ||
| 008 | 120613s19uu xx 00 eng d | ||
| 020 | _a9789810804626 | ||
| 050 |
_aPL 1455 _b.F674 2009 |
||
| 100 | _aFong, F Y | ||
| 245 |
_aEveryday English, Mandarin Chinese and Malay conversations / _cFY Fong and Haji Muhd Arif Ahmad. |
||
| 260 |
_aSingapore : _bAprime Book Pub, _c2009. |
||
| 300 |
_a149 p. : _c21 cm. |
||
| 440 | _aLanguage in Use | ||
| 650 |
_aEnglish language _xConversation and phrase books _xChinese. |
||
| 650 |
_aEnglish language _xConversation and phrase books _xMalay |
||
| 650 |
_aChinese language _xConversation and phrase books _xEnglish |
||
| 650 |
_aChinese language _xConversation and phrase books _xMalay |
||
| 650 |
_aMalay language _xConversation and phrase books _xEnglish |
||
| 650 |
_aMalay language _xConversation and phrase books _xChinese |
||
| 700 | _aMuhd Arif Ahmad, Haji | ||
| 942 |
_cBK _2lcc |
||
| 999 |
_c25157 _d25157 |
||